000 00438ntaaa2200181 4500
003 01
005 20251027201735.0
008 0714s1973 ag 01
040 _aAR-BaBN
_bspa
_cAR-BaBN
_eaacr
_dRIC
082 _a239.0000 C16
100 _aCandler, Warren A.
_915985
245 _aChristus auctor
250 _a1 ed.
260 _aNashville :
_bSmith and Lamar,
_cc1907, 1919
300 _a291 p
650 _aapologética
942 _cBK
999 _c12101
_d12101